| 000 | 00693cam a22002411a 4500 | ||
|---|---|---|---|
| 001 | sa 68004460 | ||
| 003 | DLC | ||
| 005 | 20260227112501.0 | ||
| 008 | 800826s1963 ce a 000 0 sin | ||
| 010 | _asa 68004460 | ||
| 035 | _a(OCoLC)31686069 | ||
| 040 |
_aDLC _cICU _dDLC |
||
| 050 | 0 | 0 |
_aGR306 _b.G85 |
| 100 | 1 | _aGuṇaratna, Ē. Pi. | |
| 245 | 1 | 0 |
_aNagul munnā saha tavat katā / _cĒ.Pī. Guṇaratna. |
| 260 |
_aKoḷamḅa : _bHaṃsa Prakāśakayō, _c[1963] |
||
| 300 |
_a149 p. : _bill. ; _c18 cm. |
||
| 490 | 0 |
_aApē janakatā ; _v2 |
|
| 500 | _aIn Sinhalese. | ||
| 500 | _aFolk tales. | ||
| 650 | 0 |
_aSinhalese (Sri Lankan people) _xFolklore. |
|
| 650 | 0 |
_aTales _zSri Lanka. |
|
| 999 |
_c80145 _d80145 |
||